LEADER 06205 am 22008533u 450 001 9910136922403321 005 20221206100222.0 010 $a3-319-21569-8 024 7 $a10.1007/978-3-319-21569-3 035 $a(CKB)3710000000653640 035 $a(SSID)ssj0001665751 035 $a(PQKBManifestationID)16455380 035 $a(PQKBTitleCode)TC0001665751 035 $a(PQKBWorkID)15000682 035 $a(PQKB)11377427 035 $a(DE-He213)978-3-319-21569-3 035 $a(MiAaPQ)EBC5578349 035 $a(Au-PeEL)EBL5578349 035 $a(OCoLC)1066191371 035 $a(MiAaPQ)EBC6363088 035 $a(Au-PeEL)EBL6363088 035 $a(OCoLC)1291314761 035 $a(oapen)https://directory.doabooks.org/handle/20.500.12854/27695 035 $a(PPN)193445816 035 $a(EXLCZ)993710000000653640 100 $a20160404d2016 u| 0 101 0 $aeng 135 $aurnn#008mamaa 181 $ctxt$2rdacontent 182 $cc$2rdamedia 183 $acr$2rdacarrier 200 10$aNew Horizons for a Data-Driven Economy$b[electronic resource] $eA Roadmap for Usage and Exploitation of Big Data in Europe /$fedited by José María Cavanillas, Edward Curry, Wolfgang Wahlster 205 $a1st ed. 2016. 210 $aCham$cSpringer Nature$d2016 210 1$aCham :$cSpringer International Publishing :$cImprint: Springer,$d2016. 215 $a1 online resource (XX, 303 pages) $c34 illustrations; digital file(s) 300 $aBibliographic Level Mode of Issuance: Monograph 311 08$aPrint version: 9783319215686 320 $aIncludes bibliographical references. 327 $aPart I: The Big Data Opportunity -- The Big Data Value Opportunity -- Introduction to the BIG Project -- Part II: The Big Data Value Chain: Enabling and Value Creating Technologies -- The Big Data Value Chain: Definitions, Concepts, and Theoretical Approaches -- Big Data Acquisition -- Big Data Analysis -- Big Data Curation -- Big Data Storage -- Big Data Usage -- Part III: Usage and Exploitation of Big Data -- Big Data Driven Innovation in Industrial Sectors -- Big Data in the Health Sector -- Big Data in the Public Sector -- Big Data in the Finance and Insurance Sectors -- Big Data in the Energy and Transport Sectors -- Big Data in the Media and Entertainment Sectors -- Part IV: A Roadmap for Big Data Research -- Cross-Sectorial Requirements Analysis for Big Data Research -- New Horizons for a Data-Driven Economy: Roadmaps and Action Plans for Technology, Businesses, Policy, and Society.                        . 330 $aIn this book readers will find technological discussions on the existing and emerging technologies across the different stages of the big data value chain. They will learn about legal aspects of big data, the social impact, and about education needs and requirements. And they will discover the business perspective and how big data technology can be exploited to deliver value within different sectors of the economy. The book is structured in four parts: Part I ?The Big Data Opportunity? explores the value potential of big data with a particular focus on the European context. It also describes the legal, business and social dimensions that need to be addressed, and briefly introduces the European Commission?s BIG project. Part II ?The Big Data Value Chain? details the complete big data lifecycle from a technical point of view, ranging from data acquisition, analysis, curation and storage, to data usage and exploitation. Next, Part III ?Usage and Exploitation of Big Data? illustrates the value creation possibilities of big data applications in various sectors, including industry, healthcare, finance, energy, media and public services. Finally, Part IV ?A Roadmap for Big Data Research? identifies and prioritizes the cross-sectorial requirements for big data research, and outlines the most urgent and challenging technological, economic, political and societal issues for big data in Europe. This compendium summarizes more than two years of work performed by a leading group of major European research centers and industries in the context of the BIG project. It brings together research findings, forecasts and estimates related to this challenging technological context that is becoming the major axis of the new digitally transformed business environment.                                                    . 606 $aInformation storage and retrieval 606 $aManagement 606 $aIndustrial management 606 $aApplication software 606 $aComputers and civilization 606 $aInformation Storage and Retrieval$3https://scigraph.springernature.com/ontologies/product-market-codes/I18032 606 $aInnovation/Technology Management$3https://scigraph.springernature.com/ontologies/product-market-codes/518000 606 $aComputer Applications$3https://scigraph.springernature.com/ontologies/product-market-codes/I23001 606 $aComputers and Society$3https://scigraph.springernature.com/ontologies/product-market-codes/I24040 610 $aInformation Storage and Retrieval 610 $aInnovation/Technology Management 610 $aComputer Applications 610 $aComputers and Society 610 $aBig data 615 0$aInformation storage and retrieval. 615 0$aManagement. 615 0$aIndustrial management. 615 0$aApplication software. 615 0$aComputers and civilization. 615 14$aInformation Storage and Retrieval. 615 24$aInnovation/Technology Management. 615 24$aComputer Applications. 615 24$aComputers and Society. 676 $a025.04 700 $aCavanillas$b José María$4edt$01355919 702 $aCavanillas$b José María$4edt$4http://id.loc.gov/vocabulary/relators/edt 702 $aCurry$b Edward$4edt$4http://id.loc.gov/vocabulary/relators/edt 702 $aWahlster$b Wolfgang$4edt$4http://id.loc.gov/vocabulary/relators/edt 801 0$bUkMaJRU eng 906 $aBOOK 912 $a9910136922403321 996 $aNew Horizons for a Data-Driven Economy$93360028 997 $aUNINA LEADER 06441oam 22014654 450 001 9910788408903321 005 20230828232634.0 010 $a1-4623-4171-3 010 $a1-4527-0371-X 010 $a1-283-51309-9 010 $a9786613825544 010 $a1-4519-1009-6 035 $a(CKB)3360000000443546 035 $a(EBL)3012501 035 $a(SSID)ssj0001475322 035 $a(PQKBManifestationID)11787764 035 $a(PQKBTitleCode)TC0001475322 035 $a(PQKBWorkID)11486124 035 $a(PQKB)10084262 035 $a(OCoLC)535146889 035 $a(MiAaPQ)EBC3012501 035 $a(IMF)WPIEE2006296 035 $a(EXLCZ)993360000000443546 100 $a20020129d2006 uf 0 101 0 $aeng 135 $aur|n|---||||| 181 $ctxt 182 $cc 183 $acr 200 10$aEconomic Integration and Financial Stability : $eA European Perspective /$fGianni De Nicolo, Alexander Tieman 210 1$aWashington, D.C. :$cInternational Monetary Fund,$d2006. 215 $a1 online resource (30 p.) 225 1 $aIMF Working Papers 300 $a"December 2006." 311 $a1-4518-6556-2 320 $aIncludes bibliographical references (p. 26-28). 327 $a""Economic Integration and Financial Stability: A European Perspective""; ""Contents""; ""I. INTRODUCTION""; ""II. SYNCHRONIZATION OF REAL ACTIVITY""; ""III. EQUITY MARKETS INTEGRATION""; ""IV. SYSTEMIC RISK AND INTEGRATION""; ""V. CONCLUSION""; ""Table 1. EGARCH Estimates for the Common Components of IPG""; ""Table 2. EGARCH Estimates for Cross-Country Variances of IPG and De-Trended IPG""; ""Table 3. Country-by-Country EGARCH Estimates for IPG""; ""Table 4. Dependent Variables: Cross-Country Variance of IEDFs and Country IEDFs"" 327 $a""Table 5. Dependent Variables: Cross-Country Variance of Portfoliosa??? DDs""""Table 6. Dependent Variable: Banks DDs Changes""; ""Table 7. Dependent Variable: Insurance DDs Changes""; ""Appendix Table 1. Banks and Insurance Companies""; ""REFERENCES"" 330 3 $aThis paper assesses changes in synchronization of real activity and financial market integration in Western Europe and evaluates their implications for financial stability. We find increased synchronization of real activity since the early 1980s and increased equity markets integration since the early 1990s. We also find that measures of systemic risk at large European financial institutions have not declined during the period 1990-2004 and that bank systemic risk profiles have converged. At the same time, the sensitivity of bank and insurance systemic risk measures to common real and financial shocks has increased in most countries. Overall, these results suggest that the integration process does not necessarily entail an unambiguously positive effect on financial stability. 410 0$aIMF Working Papers; Working Paper ;$vNo. 2006/296 606 $aFiscal policy$zEurope$xEconometric models 606 $aFinance$zEurope$xEconometric models 606 $aBanks and Banking$2imf 606 $aFinance: General$2imf 606 $aIndustries: Financial Services$2imf 606 $aMacroeconomics$2imf 606 $aFinancial Aspects of Economic Integration$2imf 606 $aBanks$2imf 606 $aDepository Institutions$2imf 606 $aMicro Finance Institutions$2imf 606 $aMortgages$2imf 606 $aInsurance$2imf 606 $aInsurance Companies$2imf 606 $aActuarial Studies$2imf 606 $aGeneral Financial Markets: Government Policy and Regulation$2imf 606 $aGeneral Financial Markets: General (includes Measurement and Data)$2imf 606 $aPension Funds$2imf 606 $aNon-bank Financial Institutions$2imf 606 $aFinancial Instruments$2imf 606 $aInstitutional Investors$2imf 606 $aPersonal Income, Wealth, and Their Distributions$2imf 606 $aFinance$2imf 606 $aBanking$2imf 606 $aSystemic risk$2imf 606 $aStock markets$2imf 606 $aFinancial integration$2imf 606 $aInsurance companies$2imf 606 $aFinancial sector policy and analysis$2imf 606 $aFinancial markets$2imf 606 $aFinancial institutions$2imf 606 $aPersonal income$2imf 606 $aNational accounts$2imf 606 $aFinancial risk management$2imf 606 $aStock exchanges$2imf 606 $aBanks and banking$2imf 606 $aInternational finance$2imf 606 $aIncome$2imf 607 $aEurope$xEconomic integration$xEconometric models 607 $aEurope$xEconomic conditions$xEconometric models 607 $aItaly$2imf 615 0$aFiscal policy$xEconometric models. 615 0$aFinance$xEconometric models. 615 7$aBanks and Banking 615 7$aFinance: General 615 7$aIndustries: Financial Services 615 7$aMacroeconomics 615 7$aFinancial Aspects of Economic Integration 615 7$aBanks 615 7$aDepository Institutions 615 7$aMicro Finance Institutions 615 7$aMortgages 615 7$aInsurance 615 7$aInsurance Companies 615 7$aActuarial Studies 615 7$aGeneral Financial Markets: Government Policy and Regulation 615 7$aGeneral Financial Markets: General (includes Measurement and Data) 615 7$aPension Funds 615 7$aNon-bank Financial Institutions 615 7$aFinancial Instruments 615 7$aInstitutional Investors 615 7$aPersonal Income, Wealth, and Their Distributions 615 7$aFinance 615 7$aBanking 615 7$aSystemic risk 615 7$aStock markets 615 7$aFinancial integration 615 7$aInsurance companies 615 7$aFinancial sector policy and analysis 615 7$aFinancial markets 615 7$aFinancial institutions 615 7$aPersonal income 615 7$aNational accounts 615 7$aFinancial risk management 615 7$aStock exchanges 615 7$aBanks and banking 615 7$aInternational finance 615 7$aIncome 700 $aDe Nicolo$b Gianni$0375199 701 $aTieman$b Alexander$01485174 712 02$aInternational Monetary Fund. 801 0$bDcWaIMF 906 $aBOOK 912 $a9910788408903321 996 $aEconomic Integration and Financial Stability$93802225 997 $aUNINA